000
00274nam a2200109Ia 4500
001
1276020
005
20260417160439.0
008
260417s9999 xx 000 0 und d
020
_a
9786256792111
245
0
_a
Kafam Çiçek Çiçek
_c
Aziz Kadırga
260
_b
Ketebe Çocuk
999
_c
1276020
_d
1276020